Statistiques concernant Marques en A

Cliquez ici pour prendre le quiz!

Statistiques générales

  • Ce quiz a été pris 246 fois
  • Le résultat moyen est 6 sur 15

Statistiques - réponses

Descriptions des marquesMarques% Correct
marque allemande fondée en 1949 par Adolf Dassler, spécialisée dans la fabrication d'articles de sportADIDAS
95%
marque d'appareils électroniques fondée par Steve Wozniak, Steve Jobs et Ronald WayneAPPLE
85%
marque allemande de voitures sportives et de luxeAUDI
77%
marque italienne de voiture (en 2 mots)ALFA ROMEO
72%
marque d'origine japonaise fondé en 1949 et notamment connue pour ses chaussures de course à piedASICS
58%
marque taïwanaise qui produit des cartes mères, des cartes graphiques, des lecteurs optiques, des assistants personnels, des ordinateurs portables, des ordinateurs de bureau, des périphériques réseau, des téléphones portables, des boîtiers et des systèmes de refroidissement d’ordinateursASUS
38%
marque française spécialisée dans le secteur de télécommunication, rachetée par Nokia en 2015 et qui n'a plus d'existence propre en 2016ALCATEL
35%
marque de produits cosmétiques et d'hygiène principalement pour hommesAXE
33%
marque informatique taïwanaise spécialisée dans la fabrication et la commercialisation d'ordinateurs, moniteurs et autres périphériques informatiques fondée par Stan ShihACER
30%
marque de cosmétiques (eau thermale, soins de visages et du corps)AVENE
26%
marque spécialisée dans les maillots de bain et accessoires de natation (du loisir à la compétition haut niveau)ARENA
23%
marque de vêtements et de cosmétiques via son site internet principalement dédiée à la jeune clientèleASOS
17%
marque française de bottes, chaussures et prêt-à-porterAIGLE
11%
marque américaine commercialisant de nombreux thés glacés, jus de fruits et boissons énergisantesARIZONA
10%
marque française d'équipements sportifsAIRNESS
4%

Distribution des résultats

Percentile par nombre de réponses

% des personnes avec chaque résultat

Votre développement - résultats

Vous n’avez pas pris ce quiz